[Event "GER-ch Net Amateur Gr-A Vor3"]
[Site "Playchess.com INT"]
[Date "2020.04.16"]
[Round "4"]
[White "Jagodzinski, Andreas"]
[Black "Poschadel, Andreas Gregor"]
[Result "0-1"]
[WhiteElo "1879"]
[BlackElo "1711"]
[PlyCount "108"]
[EventDate "2020.04.16"]
[EventType "swiss (blitz)"]
[EventRounds "9"]
[EventCountry "GER"]
[SourceTitle "CBM 195 Extra"]
[Source "ChessBase"]
[SourceDate "2020.05.31"]
[SourceVersion "1"]
[SourceVersionDate "2020.05.31"]
[SourceQuality "1"]

1. Nf3 Nf6 2. e3 g6 3. c4 Bg7 4. d4 0-0 5. Be2 d5 6. cxd5 Nxd5 7. e4 Nb6 8. 0-0 Bg4 9. d5 N8d7 10. Nc3 Nc5 11. Be3 Nbd7 12. h3 Bxf3 13. Bxf3 e6 14. Rc1 exd5 15. Nxd5 Ne6 16. Qd2 c6 17. Nc3 Ne5 18. Be2 Qxd2 19. Bxd2 Rfd8 20. Be3 Kf8 21. Rfd1 Ke7 22. f4 Nd7 23. f5 Nec5 24. fxg6 hxg6 25. b4 Bxc3 26. Rxc3 Nxe4 27. Rc4 f5 28. Bf3 Nb6 29. Rxe4+ fxe4 30. Bg5+ Ke8 31. Bxd8 exf3 32. Bxb6 axb6 33. Rd2 fxg2 34. Kxg2 Ra4 35. Rb2 b5 36. Kg3 Kf7 37. Kf3 Ra3+ 38. Kg4 Ke6 39. h4 Kd5 40. Kg5 Rg3+ 41. Kf6 Rg4 42. Rh2 Kc4 43. a3 Kb3 44. Rh3+ Kb2 45. Kg7 b6 46. Kf6 c5 47. bxc5 bxc5 48. h5 gxh5 49. Rxh5 c4 50. Rxb5+ Kxa3 51. Kf5 Rh4 52. Ke5 c3 53. Rb7 c2 54. Rc7 Kb2 0-1

[Event "GER-ch Net Amateur Gr-A Vor3"]
[Site "Playchess.com INT"]
[Date "2020.04.16"]
[Round "5"]
[White "Lippert, Daniel"]
[Black "Jagodzinski, Andreas"]
[Result "1-0"]
[WhiteElo "1748"]
[BlackElo "1855"]
[PlyCount "77"]
[EventDate "2020.04.16"]
[EventType "swiss (blitz)"]
[EventRounds "9"]
[EventCountry "GER"]
[SourceTitle "CBM 195 Extra"]
[Source "ChessBase"]
[SourceDate "2020.05.31"]
[SourceVersion "1"]
[SourceVersionDate "2020.05.31"]
[SourceQuality "1"]

1. e4 e6 2. d4 d5 3. exd5 exd5 4. c3 Nc6 5. Nf3 Bg4 6. Be2 Bd6 7. h3 Bh5 8. 0-0 Nge7 9. Ng5 Bg6 10. Bh5 0-0 11. Bxg6 hxg6 12. Qg4 Nf5 13. Bf4 Bxf4 14. Qxf4 Qd6 15. Qxd6 Nxd6 16. Nd2 Na5 17. Rfe1 Rfe8 18. Kf1 Nac4 19. Nxc4 Nxc4 20. b3 Na3 21. Rxe8+ Rxe8 22. Re1 Kf8 23. Nh7+ Kg8 24. Rxe8+ Kxh7 25. Re7 Nb5 26. Ke1 Nxc3 27. Rxc7 Nxa2 28. Rxb7 a6 29. Kd2 f5 30. Kc2 a5 31. Rb5 Nb4+ 32. Kc3 Na2+ 33. Kb2 Nb4 34. f3 g5 35. Rxa5 g4 36. fxg4 fxg4 37. Kc3 gxh3 38. gxh3 Nc6 39. Rxd5 1-0

[Event "GER-ch Net Amateur Gr-A Vor1"]
[Site "Playchess.com INT"]
[Date "2020.04.14"]
[Round "6"]
[White "Jagodzinski, Andreas"]
[Black "Haase, Thomas Konstantin"]
[Result "1-0"]
[WhiteElo "1848"]
[BlackElo "1751"]
[PlyCount "55"]
[EventDate "2020.04.14"]
[EventType "swiss (blitz)"]
[EventRounds "9"]
[EventCountry "GER"]
[SourceTitle "EXT 2021"]
[Source "ChessBase"]
[SourceDate "2020.10.23"]
[SourceVersion "1"]
[SourceVersionDate "2020.10.23"]
[SourceQuality "1"]

1. d4 c5 2. c3 d5 3. Nf3 Nf6 4. e3 Nc6 5. Bd3 e6 6. 0-0 b6 7. Nbd2 Bb7 8. Re1 Be7 9. dxc5 Bxc5 10. b4 Bd6 11. a3 Ne5 12. Nxe5 Bxe5 13. Bb2 0-0 14. Nf3 Bd6 15. c4 Qe7 16. Rc1 Rfe8 17. Ne5 Nd7 18. Nxd7 Qxd7 19. Qg4 Bf8 20. Red1 Qe7 21. cxd5 Bxd5 22. e4 Bb7 23. Bb5 Red8 24. h4 Rxd1+ 25. Rxd1 Rd8 26. Rxd8 Qxd8 27. Be5 Qd7 28. Bxd7 1-0

[Event "GER-ch Net Amateur Gr-A Vor1"]
[Site "Playchess.com INT"]
[Date "2020.04.14"]
[Round "1"]
[White "Jagodzinski, Andreas"]
[Black "Helmer, Christoph"]
[Result "1-0"]
[WhiteElo "1838"]
[BlackElo "2113"]
[PlyCount "47"]
[EventDate "2020.04.14"]
[EventType "swiss (blitz)"]
[EventRounds "9"]
[EventCountry "GER"]
[SourceTitle "EXT 2021"]
[Source "ChessBase"]
[SourceDate "2020.10.23"]
[SourceVersion "1"]
[SourceVersionDate "2020.10.23"]
[SourceQuality "1"]

1. d4 Nf6 2. Nf3 g6 3. c4 Bg7 4. Nc3 0-0 5. e4 d6 6. Be2 e5 7. 0-0 Nc6 8. d5 Ne7 9. b4 a5 10. Ba3 axb4 11. Bxb4 b6 12. a4 Re8 13. a5 c5 14. dxc6 Nxc6 15. Bxd6 Rxa5 16. Rxa5 bxa5 17. c5 Bg4 18. Qa4 Qc8 19. Nd5 Bxf3 20. Bxf3 Nd4 21. Bd1 Qc6 22. Qxc6 Nxc6 23. Ba4 Rc8 24. Bxc6 1-0

[Event "GER-ch Net Amateur Gr-A Vor1"]
[Site "Playchess.com INT"]
[Date "2020.04.14"]
[Round "3"]
[White "Serrer, Christoph"]
[Black "Jagodzinski, Andreas"]
[Result "1-0"]
[WhiteElo "2079"]
[BlackElo "1857"]
[PlyCount "75"]
[EventDate "2020.04.14"]
[EventType "swiss (blitz)"]
[EventRounds "9"]
[EventCountry "GER"]
[SourceTitle "EXT 2021"]
[Source "ChessBase"]
[SourceDate "2020.10.23"]
[SourceVersion "1"]
[SourceVersionDate "2020.10.23"]
[SourceQuality "1"]

1. c4 c6 2. g3 Nf6 3. Nf3 g6 4. b3 Bg7 5. Bb2 0-0 6. Bg2 d5 7. 0-0 Bf5 8. d3 Nbd7 9. cxd5 cxd5 10. Nd4 Nb6 11. Nxf5 gxf5 12. Nd2 Rc8 13. Nf3 e6 14. Qd2 Ne8 15. Bxg7 Kxg7 16. Rac1 Nd6 17. Rxc8 Nbxc8 18. Rc1 Qe7 19. Ne5 f6 20. Nf3 Nb6 21. Nd4 Rc8 22. Rxc8 Ndxc8 23. a4 Nd7 24. Bxd5 Qd6 25. Nxe6+ Kh8 26. Qh6 Qe7 27. Nd4 Nd6 28. Qe3 Ne5 29. f4 Ne4 30. dxe4 Ng4 31. Nxf5 Qb4 32. Qc1 Qb6+ 33. e3 Qd8 34. Bxb7 h5 35. h3 Qd3 36. Qc8+ Kh7 37. Qc7+ Kh8 38. Qg7# 1-0

[Event "GER-ch Net blitz qual4"]
[Site "Playchess.com INT"]
[Date "2020.03.23"]
[Round "6"]
[White "Becker, Marcel"]
[Black "Jagodzinski, Andreas"]
[Result "1-0"]
[WhiteElo "2363"]
[BlackElo "2147"]
[PlyCount "49"]
[EventDate "2020.03.23"]
[EventType "swiss (blitz)"]
[EventRounds "9"]
[EventCountry "GER"]
[SourceTitle "CBM 195 Extra"]
[Source "ChessBase"]
[SourceDate "2020.05.31"]
[SourceVersion "1"]
[SourceVersionDate "2020.05.31"]
[SourceQuality "1"]

1. d4 d5 2. c4 c6 3. Nf3 Nf6 4. Nc3 dxc4 5. a4 Bf5 6. e3 e6 7. Bxc4 Bb4 8. 0-0 Nbd7 9. Qe2 0-0 10. e4 Bg4 11. Rd1 Rc8 12. h3 Bh5 13. e5 Nd5 14. Ne4 Be7 15. Ng3 Bg6 16. Bd3 c5 17. Bxg6 fxg6 18. Ne4 Qb6 19. a5 Qc7 20. Bg5 h6 21. Bxe7 Nxe7 22. Qc4 Qc6 23. Nd6 cxd4 24. Qxe6+ Kh7 25. Qxe7 1-0

[Event "GER-ch Net blitz qual4"]
[Site "Playchess.com INT"]
[Date "2020.03.23"]
[Round "4"]
[White "Jagodzinski, Andreas"]
[Black "Kleeschaetzky, Rainer"]
[Result "0-1"]
[WhiteElo "2147"]
[BlackElo "2293"]
[PlyCount "96"]
[EventDate "2020.03.23"]
[EventType "swiss (blitz)"]
[EventRounds "9"]
[EventCountry "GER"]
[SourceTitle "CBM 195 Extra"]
[Source "ChessBase"]
[SourceDate "2020.05.31"]
[SourceVersion "1"]
[SourceVersionDate "2020.05.31"]
[SourceQuality "1"]

1. d4 d5 2. c4 c6 3. Nc3 Nf6 4. Nf3 e6 5. e3 Nbd7 6. Qc2 b6 7. Be2 Bb7 8. 0-0 Be7 9. b3 0-0 10. Bb2 Rc8 11. Rac1 Qc7 12. Qb1 Qb8 13. cxd5 cxd5 14. Na4 a6 15. Rxc8 Rxc8 16. Rc1 b5 17. Rxc8+ Qxc8 18. Nc3 h6 19. h3 Ne4 20. Nxe4 dxe4 21. Nd2 f5 22. Qc1 Qxc1+ 23. Bxc1 Nb6 24. Nb1 Nd5 25. Bd2 g5 26. Kf1 Kf7 27. Ke1 Bd6 28. Kd1 f4 29. Nc3 Nxc3+ 30. Bxc3 f3 31. Bf1 fxg2 32. Bxg2 h5 33. Ke2 Kg6 34. b4 Kf5 35. Be1 g4 36. Bd2 Kg5 37. Be1 Bd5 38. a3 Kf5 39. Bd2 Bc4+ 40. Ke1 Bd3 41. Bc3 Kg5 42. Kd1 Kh4 43. hxg4 Kxg4 44. Be1 h4 45. Kd2 h3 46. Bh1 Bf1 47. Bxe4 Bg2 48. f3+ Bxf3 0-1

[Event "GER-ch Net blitz qual4"]
[Site "Playchess.com INT"]
[Date "2020.03.23"]
[Round "7"]
[White "Niemann, Leon Pascal"]
[Black "Jagodzinski, Andreas"]
[Result "1-0"]
[WhiteElo "1702"]
[BlackElo "2147"]
[PlyCount "49"]
[EventDate "2020.03.23"]
[EventType "swiss (blitz)"]
[EventRounds "9"]
[EventCountry "GER"]
[SourceTitle "CBM 195 Extra"]
[Source "ChessBase"]
[SourceDate "2020.05.31"]
[SourceVersion "1"]
[SourceVersionDate "2020.05.31"]
[SourceQuality "1"]

1. e4 e6 2. d4 d5 3. Bd3 Nf6 4. e5 Nfd7 5. f4 c5 6. c3 Nc6 7. Nf3 Qb6 8. Bc2 f6 9. a3 Be7 10. b4 cxd4 11. cxd4 0-0 12. Qd3 g6 13. Be3 fxe5 14. fxe5 Rxf3 15. gxf3 Bh4+ 16. Kd1 a5 17. b5 Ne7 18. Qe2 a4 19. Nc3 Nf5 20. Bxf5 exf5 21. Nxd5 Qa5 22. Qc4 Kg7 23. Bd2 Qd8 24. Nc7 Nb6 25. Qc5 1-0

[Event "BEL-chT 1617"]
[Site "Belgium"]
[Date "2016.12.04"]
[Round "5.8"]
[White "Boucquet, Emile"]
[Black "Jagodzinski, Andreas"]
[Result "1/2-1/2"]
[WhiteElo "2185"]
[BlackElo "2131"]
[PlyCount "67"]
[EventDate "2016.10.02"]
[EventType "team-tourn"]
[EventRounds "11"]
[EventCountry "BEL"]
[SourceTitle "EXT 2018"]
[Source "ChessBase"]
[SourceDate "2017.10.13"]
[SourceVersion "1"]
[SourceVersionDate "2017.10.13"]
[SourceQuality "1"]
[WhiteTeam "KBSK Brugge"]
[BlackTeam "Wirtzfeld"]
[WhiteTeamCountry "BEL"]
[BlackTeamCountry "BEL"]

1. e4 e6 2. d4 d5 3. Nd2 Be7 4. Bd3 c5 5. dxc5 Nf6 6. exd5 Qxd5 7. Ngf3 Qxc5 8. 0-0 0-0 9. a3 b6 10. Ne4 Qc7 11. Nfg5 Nbd7 12. Qf3 Bb7 13. Bf4 e5 14. Nxf6+ Nxf6 15. Bxe5 Qxe5 16. Qxb7 Bd6 17. Nf3 Qxb2 18. Qc6 Bc5 19. a4 Qc3 20. Qb5 Rac8 21. Rab1 Bd6 22. Rb3 Qc7 23. Qf5 Qc5 24. Rd1 Rcd8 25. g3 Be7 26. Re1 Rd5 27. Re5 Rxe5 28. Qxe5 Bd6 29. Qxc5 Bxc5 30. h3 Rd8 31. Kg2 g6 32. Bc4 Ne4 33. Ne5 Kg7 34. Rd3 1/2-1/2

[Event "Unna op"]
[Site "Unna"]
[Date "2012.12.28"]
[Round "5"]
[White "Jagodzinski, Andreas"]
[Black "Dirks, Martin"]
[Result "1-0"]
[WhiteElo "2144"]
[BlackElo "2041"]
[PlyCount "49"]
[EventDate "2012.12.27"]
[EventType "swiss"]
[EventRounds "7"]
[EventCountry "GER"]
[SourceTitle "CBM 152 Extra"]
[Source "ChessBase"]
[SourceDate "2013.02.25"]
[SourceVersion "1"]
[SourceVersionDate "2013.02.25"]
[SourceQuality "1"]

1. c4 c5 2. g3 Nc6 3. Bg2 g6 4. Nc3 Bg7 5. Nf3 d6 6. 0-0 Qd7 7. a3 b6 8. b4 Bb7 9. Rb1 h5 10. h4 e6 11. e3 Bxc3 12. dxc3 0-0-0 13. a4 Nf6 14. a5 bxa5 15. bxc5 Ne4 16. Nd4 f5 17. cxd6 Qxd6 18. Qb3 Rh7 19. Ba3 Qd7 20. Rfd1 Qe8 21. Bxe4 fxe4 22. Nb5 Ne5 23. Rxd8+ Kxd8 24. Nd6 Nf3+ 25. Kg2 1-0

[Event "Unna op"]
[Site "Unna"]
[Date "2012.12.28"]
[Round "3"]
[White "Jagodzinski, Andreas"]
[Black "Weber, Rolf"]
[Result "1-0"]
[WhiteElo "2144"]
[BlackElo "1958"]
[PlyCount "51"]
[EventDate "2012.12.27"]
[EventType "swiss"]
[EventRounds "7"]
[EventCountry "GER"]
[SourceTitle "CBM 152 Extra"]
[Source "ChessBase"]
[SourceDate "2013.02.25"]
[SourceVersion "1"]
[SourceVersionDate "2013.02.25"]
[SourceQuality "1"]

1. c4 e6 2. g3 d5 3. Bg2 c6 4. Nf3 f5 5. 0-0 Nf6 6. d3 Be7 7. Nbd2 0-0 8. b3 a5 9. Bb2 Na6 10. a3 Bd7 11. Qc2 Rc8 12. e4 b5 13. Rae1 Bc5 14. exf5 exf5 15. Ne5 Ba7 16. Ndf3 f4 17. d4 Ne4 18. Nxd7 Qxd7 19. Ne5 Qd6 20. Bxe4 dxe4 21. Qxe4 fxg3 22. hxg3 Qh6 23. Kg2 Qg5 24. cxb5 Nc7 25. Bc1 Qh5 26. Rh1 1-0

[Event "Maastricht Limburg op-A 5th"]
[Site "Maastricht"]
[Date "2011.06.13"]
[Round "6"]
[White "Jagodzinski, Andreas"]
[Black "Perrenet, Jacob"]
[Result "1-0"]
[WhiteElo "2163"]
[BlackElo "2059"]
[PlyCount "81"]
[EventDate "2011.06.10"]
[EventType "swiss"]
[EventRounds "7"]
[EventCountry "NED"]
[SourceTitle "CBM 142 Extra"]
[Source "ChessBase"]
[SourceDate "2011.06.27"]
[SourceVersion "1"]
[SourceVersionDate "2011.06.27"]
[SourceQuality "1"]

1. d4 Nc6 2. d5 Ne5 3. e4 e6 4. f4 Ng6 5. dxe6 fxe6 6. Nf3 Bc5 7. Nc3 Qe7 8. Bd3 b6 9. a3 a5 10. Qe2 Bb7 11. Bd2 Nf6 12. e5 Nd5 13. Nxd5 Bxd5 14. Ng5 Rf8 15. Rf1 0-0-0 16. g3 Rf5 17. Ne4 Bd4 18. Nc3 Bc6 19. Bxf5 exf5 20. 0-0-0 Bc5 21. Nb5 Kb7 22. Qc4 Qe8 23. Nd4 Be4 24. Nb3 d5 25. Nxc5+ bxc5 26. Qxc5 Nf8 27. Be3 Ra8 28. Rxd5 Kc8 29. Rd2 Ne6 30. Qc4 Kb7 31. Rfd1 Ra6 32. Qb3+ Ka8 33. c3 Bc6 34. Qc4 Bb5 35. Qd5+ Bc6 36. Qd3 Bb5 37. Qxf5 Rc6 38. Qe4 Kb8 39. f5 Qe7 40. fxe6 Rxc3+ 41. bxc3 1-0

[Event "Bethune op 24th"]
[Site "Bethune"]
[Date "2003.12.27"]
[Round "2"]
[White "Jagodzinski, Andreas"]
[Black "Golubev, Mikhail"]
[Result "0-1"]
[WhiteElo "2177"]
[BlackElo "2536"]
[PlyCount "140"]
[EventDate "2003.12.26"]
[EventType "swiss"]
[EventRounds "9"]
[EventCountry "FRA"]
[SourceTitle "CBM 098 Extra"]
[Source "ChessBase"]
[SourceDate "2004.03.10"]
[SourceVersion "2"]
[SourceVersionDate "2004.03.10"]
[SourceQuality "1"]

1. e4 c5 2. Nf3 d6 3. d4 cxd4 4. Nxd4 Nf6 5. f3 Nc6 6. c4 Qb6 7. Nb3 a5 8. Qe2 a4 9. Be3 Qb4+ 10. Bd2 Qb6 11. Be3 Qd8 12. Nd4 g6 13. Nc3 Bg7 14. Qd2 0-0 15. Be2 Nxd4 16. Bxd4 Qa5 17. Rd1 Be6 18. Nd5 Qxd2+ 19. Rxd2 Bxd5 20. cxd5 Rfc8 21. Kd1 Nd7 22. Bxg7 Kxg7 23. Rc2 Nc5 24. Kd2 Rcb8 25. Rhc1 b5 26. Rxc5 dxc5 27. Rxc5 b4 28. Rc7 b3 29. a3 Rc8 30. Rc4 Rxc4 31. Bxc4 Rc8 32. Kc3 Kf6 33. Kd4 e5+ 34. dxe6 fxe6 35. Kc3 Ke5 36. g3 g5 37. Kb4 h5 38. Kb5 h4 39. gxh4 gxh4 40. f4+ Kxf4 41. Bxe6 Rc2 42. h3 Ke5 43. Bf5 Rxb2 44. Kxa4 Rb1 45. Kb4 Kd4 46. a4 b2 47. Kb3 Ra1 48. Kxb2 Rxa4 49. Kb3 Rc4 50. Kb2 Rc3 51. Bg4 Kd3 52. Bf5 Kd2 53. Be6 Rc6 54. Bd7 Rb6+ 55. Ka3 Kc3 56. Ka2 Rb2+ 57. Ka1 Re2 58. Bf5 Kb3 59. Be6+ Ka3 60. Kb1 Rxe4 61. Bf5 Rc4 62. Be6 Rc3 63. Bf5 Kb4 64. Kb2 Kc4 65. Be6+ Kd4 66. Bg4 Rc7 67. Bf5 Ke5 68. Bg4 Kf4 69. Be6 Kg3 70. Bf5 Kh2 0-1

[Event "Muensterland op 20th"]
[Site "Senden"]
[Date "2002.10.16"]
[Round "7"]
[White "Moehring, Guenther"]
[Black "Jagodzinski, Andreas"]
[Result "1-0"]
[WhiteElo "2293"]
[BlackElo "2181"]
[PlyCount "75"]
[EventDate "2002.10.12"]
[EventType "swiss"]
[EventRounds "9"]
[EventCountry "GER"]
[SourceTitle "EXT 2012"]
[Source "ChessBase"]
[SourceDate "2011.11.24"]
[SourceVersion "1"]
[SourceVersionDate "2011.11.24"]
[SourceQuality "1"]

1. Nf3 c5 2. c4 Nc6 3. g3 Nf6 4. Bg2 e6 5. 0-0 d5 6. b3 Be7 7. e3 0-0 8. Bb2 b6 9. Nc3 Bb7 10. cxd5 exd5 11. d4 Rc8 12. Rc1 Qd6 13. Nh4 Qe6 14. dxc5 Rfd8 15. Ne2 bxc5 16. Nf4 Qd7 17. Bh3 Qe8 18. Nf5 d4 19. exd4 Rc7 20. Re1 g6 21. d5 gxf5 22. Bxf6 Qf8 23. Bxe7 Rxe7 24. Qh5 Rxe1+ 25. Rxe1 Nd4 26. Bxf5 h6 27. Bd3 Qd6 28. Bc4 Qf6 29. h4 Kf8 30. Kf1 Re8 31. Rxe8+ Kxe8 32. Qg4 Nf5 33. Qg8+ Ke7 34. Qb8 Nd6 35. Qc7+ Kf8 36. Ne6+ fxe6 37. Qxd6+ Kg8 38. Qb8+ 1-0

[Event "Muensterland op 20th"]
[Site "Senden"]
[Date "2002.10.14"]
[Round "4"]
[White "Jagodzinski, Andreas"]
[Black "Sandipan, Chanda"]
[Result "0-1"]
[WhiteElo "2181"]
[BlackElo "2510"]
[PlyCount "84"]
[EventDate "2002.10.12"]
[EventType "swiss"]
[EventRounds "9"]
[EventCountry "GER"]
[SourceTitle "CBM 090 Extra"]
[Source "ChessBase"]
[SourceDate "2002.11.07"]
[SourceVersion "1"]
[SourceVersionDate "2002.11.07"]
[SourceQuality "1"]

1. d4 d5 2. c4 e6 3. Nc3 c6 4. e4 Bb4 5. e5 Ne7 6. a3 Bxc3+ 7. bxc3 b6 8. Nf3 Ba6 9. cxd5 Bxf1 10. Kxf1 cxd5 11. h4 Qc7 12. Qd3 h5 13. a4 Nbc6 14. Ba3 Na5 15. Rh3 Qc4 16. Qxc4 Nxc4 17. Bxe7 Kxe7 18. Ke2 Rhc8 19. Nd2 Na5 20. Ra3 Rab8 21. f4 Rc7 22. Rg3 g6 23. Rh3 Kd7 24. Rh1 Rbc8 25. Kd3 Nc6 26. Rb1 Ne7 27. g3 Nf5 28. Nf1 Rb8 29. Rab3 Rcb7 30. R1b2 Kc6 31. Ra3 a6 32. Rc2 Kd7 33. Ra1 Ra8 34. Ne3 Nxg3 35. c4 dxc4+ 36. Nxc4 Nf5 37. Rac1 Rd8 38. Ne3 Nxh4 39. d5 exd5 40. Nxd5 Ke6 41. Ke4 f5+ 42. exf6 Rxd5 0-1

[Event "Oberliga NRW 0001 II"]
[Site "NRW"]
[Date "2001.05.06"]
[Round "9.1"]
[White "Jagodzinski, Andreas"]
[Black "Kruppa, Yuri"]
[Result "0-1"]
[WhiteElo "2177"]
[BlackElo "2582"]
[PlyCount "114"]
[EventDate "2000.09.24"]
[EventType "team-tourn"]
[EventRounds "9"]
[EventCountry "GER"]
[SourceTitle "EXT 2006"]
[Source "ChessBase"]
[SourceDate "2005.11.24"]
[SourceVersion "1"]
[SourceVersionDate "2005.11.24"]
[SourceQuality "1"]
[WhiteTeam "Bochum II"]
[BlackTeam "Emsdetten Turm"]
[WhiteTeamCountry "GER"]
[BlackTeamCountry "GER"]

1. Nf3 d5 2. d4 c6 3. c4 dxc4 4. e3 Be6 5. a4 Nf6 6. Na3 Nbd7 7. Nxc4 g6 8. Be2 Bg7 9. 0-0 0-0 10. b4 Qc7 11. Ba3 Rfe8 12. Rc1 a6 13. Ncd2 Bg4 14. Qb3 Be6 15. Qc2 h6 16. Rfe1 Qb6 17. Nc4 Qa7 18. Bd3 Rac8 19. Nfe5 Qb8 20. a5 Bxc4 21. Nxc4 e5 22. dxe5 Nxe5 23. Nxe5 Qxe5 24. Bb2 Qe7 25. Bxf6 Bxf6 26. Bc4 Kg7 27. Qb3 Rcd8 28. Red1 h5 29. Be2 Qe5 30. Qc4 Rxd1+ 31. Bxd1 Qe4 32. Bf3 Qxc4 33. Rxc4 Rd8 34. g3 Rd2 35. Bxc6 bxc6 36. Rxc6 Be7 37. Rxa6 Bxb4 38. Rb6 Bxa5 39. Rb1 g5 40. Kg2 Kg6 41. h3 f5 42. Rb5 Bc7 43. Rb7 Rc2 44. Rb4 Kf6 45. Ra4 Bb6 46. Ra6 Rb2 47. Ra3 Ke5 48. Kf3 Rb4 49. Ra2 h4 50. gxh4 Rxh4 51. Kg2 Rb4 52. Rc2 f4 53. exf4+ gxf4 54. Rd2 Rb3 55. Rc2 Bd4 56. Re2+ Kf5 57. Rd2 f3+ 0-1

[Event "Oberliga NRW 0001 II"]
[Site "NRW"]
[Date "2001.04.22"]
[Round "8.4"]
[White "Jagodzinski, Andreas"]
[Black "Hacker, Christian"]
[Result "1/2-1/2"]
[WhiteElo "2177"]
[BlackElo "2144"]
[PlyCount "108"]
[EventDate "2000.09.24"]
[EventType "team-tourn"]
[EventRounds "9"]
[EventCountry "GER"]
[SourceTitle "EXT 2006"]
[Source "ChessBase"]
[SourceDate "2005.11.24"]
[SourceVersion "1"]
[SourceVersionDate "2005.11.24"]
[SourceQuality "1"]
[WhiteTeam "Bochum II"]
[BlackTeam "Enger Spenge"]
[WhiteTeamCountry "GER"]
[BlackTeamCountry "GER"]

1. c4 Nf6 2. Nc3 c5 3. g3 d5 4. cxd5 Nxd5 5. Bg2 Nc7 6. Nf3 Nc6 7. 0-0 e5 8. d3 Be7 9. a3 0-0 10. Rb1 f6 11. Nd2 Rb8 12. b4 Be6 13. bxc5 Bxc5 14. Qa4 Qd7 15. Rxb7 Rxb7 16. Bxc6 Qc8 17. Nde4 Be7 18. Bxb7 Qxb7 19. Be3 Nd5 20. Rb1 Qc7 21. Qxa7 Qxa7 22. Bxa7 Bxa3 23. Rb8 Nxc3 24. Rxf8+ Bxf8 25. Nxc3 Kf7 26. f3 Bd7 27. Kf2 Bc6 28. e4 Ke6 29. Ke3 Ba3 30. Ne2 Bd7 31. f4 g6 32. d4 exd4+ 33. Bxd4 Kf7 34. Kf3 Bc6 35. Ke3 Bd7 36. e5 fxe5 37. fxe5 Be7 38. Ke4 Bc6+ 39. Kf4 g5+ 40. Kf5 Bd7+ 41. Ke4 Bc6+ 42. Ke3 Ke6 43. g4 Be8 44. Ng3 Bg6 45. Bb2 Bd8 46. Ne4 h5 47. gxh5 Bxh5 48. Kf2 Bg6 49. Kf3 Bh5+ 50. Kg3 Kf5 51. Nd6+ Ke6 52. Nc4 Bc7 53. Kf2 Kd5 54. Nd6 Bxd6 1/2-1/2

[Event "Oberliga NRW 0001 II"]
[Site "NRW"]
[Date "2001.02.04"]
[Round "6.2"]
[White "Jagodzinski, Andreas"]
[Black "Schneider, Bernd"]
[Result "0-1"]
[WhiteElo "2177"]
[BlackElo "2397"]
[PlyCount "48"]
[EventDate "2000.09.24"]
[EventType "team-tourn"]
[EventRounds "9"]
[EventCountry "GER"]
[SourceTitle "EXT 2006"]
[Source "ChessBase"]
[SourceDate "2005.11.24"]
[SourceVersion "1"]
[SourceVersionDate "2005.11.24"]
[SourceQuality "1"]
[WhiteTeam "Bochum II"]
[BlackTeam "Solingen II"]
[WhiteTeamCountry "GER"]
[BlackTeamCountry "GER"]

1. c4 e5 2. a3 g6 3. Nc3 Bg7 4. g3 d6 5. Bg2 Nc6 6. e3 Be6 7. d3 Qd7 8. Rb1 Nf6 9. Nd5 0-0 10. Ne2 Bh3 11. Nxf6+ Bxf6 12. 0-0 Bxg2 13. Kxg2 d5 14. c5 a5 15. b3 Be7 16. Qc2 d4 17. Qc4 b6 18. e4 Bxc5 19. Bh6 Rfe8 20. b4 axb4 21. axb4 Ra4 22. Qb5 Rxb4 23. Rxb4 Bxb4 24. Ra1 Bd6 0-1

[Event "Sueder Sommer op 11th"]
[Site "Recklinghausen"]
[Date "2000.07.24"]
[Round "3"]
[White "Straeter, Timo"]
[Black "Jagodzinski, Andreas"]
[Result "1-0"]
[WhiteElo "2370"]
[BlackElo "2177"]
[PlyCount "97"]
[EventDate "2000.07.22"]
[EventType "swiss"]
[EventRounds "9"]
[EventCountry "GER"]
[SourceTitle "EXT 2001"]
[Source "ChessBase"]
[SourceDate "2000.11.22"]
[SourceVersion "1"]
[SourceVersionDate "2000.11.22"]
[SourceQuality "1"]

1. Nf3 e6 2. g3 b5 3. Bg2 Bb7 4. 0-0 Nf6 5. d3 d5 6. Nbd2 Be7 7. e4 c5 8. Re1 0-0 9. e5 Nfd7 10. Nf1 Nc6 11. h4 a5 12. Bf4 a4 13. a3 b4 14. N1h2 bxa3 15. bxa3 Nd4 16. Nxd4 cxd4 17. Nf3 Bc5 18. Qc1 Ba6 19. Qd2 Rb8 20. Bg5 Qc7 21. Ra2 Rb7 22. Qf4 Rfb8 23. Qg4 Rb1 24. Bc1 Nf8 25. Kh2 Ng6 26. h5 Ne7 27. Bh6 Nf5 28. Bxg7 Nxg7 29. h6 Bf8 30. hxg7 Bxg7 31. Rxb1 Rxb1 32. Qxd4 Bb5 33. Nd2 Rd1 34. Nf3 Rb1 35. c4 dxc4 36. dxc4 Qxc4 37. Qd8+ Bf8 38. Rd2 Qg4 39. Rd4 Qh5+ 40. Rh4 Qg6 41. Nd4 Bd3 42. Bf3 Bf5 43. Bh5 Qg7 44. Nxf5 exf5 45. Qd3 Re1 46. Qxf5 Rxe5 47. Bxf7+ Kh8 48. Qf3 Bxa3 49. Rxa4 1-0

[Event "BL2-West 9900"]
[Site "Germany"]
[Date "2000.04.09"]
[Round "9.7"]
[White "Illner, Achim"]
[Black "Jagodzinski, Andreas"]
[Result "1-0"]
[WhiteElo "2309"]
[BlackElo "2197"]
[PlyCount "115"]
[EventDate "1999.10.10"]
[EventType "team-tourn"]
[EventRounds "9"]
[EventCountry "GER"]
[SourceTitle "CBM 075 Extra"]
[Source "ChessBase"]
[SourceDate "2000.05.11"]
[SourceVersion "2"]
[SourceVersionDate "2000.05.11"]
[SourceQuality "1"]
[WhiteTeam "Katernberg"]
[BlackTeam "Bochum"]
[WhiteTeamCountry "GER"]
[BlackTeamCountry "GER"]

1. e4 c5 2. Nf3 a6 3. g3 Nc6 4. Bg2 g6 5. d4 cxd4 6. Nxd4 Bg7 7. Be3 d6 8. Nxc6 bxc6 9. Bd4 Nf6 10. e5 dxe5 11. Bxe5 Qxd1+ 12. Kxd1 Bg4+ 13. Kc1 0-0 14. b3 Bh6+ 15. Kb2 Rad8 16. Bxc6 Nd7 17. Bc3 Nc5 18. a4 Rc8 19. Bg2 Rfd8 20. Re1 Be6 21. b4 Rb8 22. Ka3 Nb7 23. Bf1 Ra8 24. Kb2 a5 25. b5 Nc5 26. Bg2 Bd5 27. Bxd5 Rxd5 28. Re5 Rad8 29. Rxd5 Rxd5 30. Bxa5 Rd1 31. Nc3 Rd2 32. Rd1 Rxf2 33. Rd8+ Kg7 34. Bb4 Ne6 35. Rc8 Be3 36. Nd5 Bd4+ 37. Kb3 Be5 38. Bxe7 Rxh2 39. a5 Nd4+ 40. Ka4 f5 41. a6 Rh1 42. a7 Ra1+ 43. Ba3 Bd6 44. Nb4 Rxa3+ 45. Kxa3 Nxb5+ 46. Ka4 Nxa7 47. Rd8 Bxb4 48. Rd7+ Kf6 49. Kxb4 Nc6+ 50. Kc5 Ne5 51. Rxh7 Ng4 52. Kd4 Kg5 53. c4 Nf6 54. Ra7 Ne4 55. c5 Nxc5 56. Kxc5 Kg4 57. Kd4 g5 58. Ke5 1-0